Loading...
Smaraka silakal
| Main Author: | |
|---|---|
| Format: | Printed Book |
| Language: | Undetermined |
| Published: |
Kottayam
D C books
2000
|
| LEADER | 00500nam a2200157Ia 4500 | ||
|---|---|---|---|
| 008 | 140316s9999 xx 000 0 und d | ||
| 020 | |a 8171301819 | ||
| 082 | |a 813.1 |b KUN/SM | ||
| 100 | |a Kunhabdulla,Punathil | ||
| 245 | |a Smaraka silakal | ||
| 260 | |a Kottayam |b D C books |c 2000 | ||
| 300 | |a 248 | ||
| 650 | |||
| 942 | |2 ddc |c BK | ||
| 999 | |c 6191 |d 6191 | ||
| 952 | |0 0 |1 0 |2 ddc |4 0 |6 813_100000000000000_KUNSM |7 0 |9 7262 |a KAUCLV |b KAUCLV |c GENERAL |d 2014-03-18 |l 9 |o 813.1 KUN/SM |p 213493 |r 2017-11-27 |s 2017-11-07 |w 2014-03-18 |y BK | ||